Sociologický slovník

Enregistré dans:
Détails bibliographiques
Format: Livre
Langue:slovaque
Publié: Bratislava Epocha 1970
Édition:2. vyd.
Tags: Ajouter un tag
Pas de tags, Soyez le premier à ajouter un tag!

MARC

LEADER 00000nam a2200000 4500
001 c104627
005 20180125124723.9
041 0 |a slo 
044 |a SK 
245 1 0 |a Sociologický slovník 
250 |a 2. vyd. 
264 1 |a Bratislava  |b Epocha  |c 1970 
300 |a 698 s.